• 首页
  • 本馆介绍
  • 公告通知
  • 最新文献
  • 馆藏检索
  • 电子资源
  • 读者导购
  • 参考咨询
  • 我的图书馆
  • 登录
  • 详细信息显示
  • 放入我的书架
  • 预约/预借图书
  • 作者相关作品
  • 分类相关作品
  • 丛书相关作品
  • 出版社相关作品

书目信息

  • 表格格式
  • 工作单格式
  • 卡片格式
题名:
新版剑桥BEC考试真题详解
    
 
作者: 张翼 主编
分册: 3   中级
出版信息: 大连   大连理工大学出版社  2018
页数: 191页
开本: 26cm
丛书名: 剑桥商务英语应试辅导用书
单 册:
中图分类: F7-44
科图分类:
主题词: 商务--Shang Wu--英语--考核--题解
电子资源:
ISBN: 978-7-5685-0989-3
000 00983nam 2200265 450
001 012001009524
005 20191107110814.34
010    @a978-7-5685-0989-3@dCNY32.00
099    @aCAL 012018076261
100    @a20180622d2018 em y0chiy50 ea
101 0  @achi@aeng
102    @aCN@b210000
105    @ay q 000yy
106    @ar
200 1  @a新版剑桥BEC考试真题详解@Axin ban jian qiao BEC kao shi zhen ti xiang jie@h3@i中级@f张翼主编
210    @a大连@c大连理工大学出版社@d2018
215    @a191页@d26cm
225 2  @a剑桥商务英语应试辅导用书@AJian Qiao Shang Wu Ying Yu Ying Shi Fu Dao Yong Shu
330    @a本书收录了4套完整的BEC中级考试真题,且在结构上遵循了原著的特点,按照阅读、写作、听力和口语的布局分别对四套真题的各个试题类型进行了解析。
410  0 @12001 @a剑桥商务英语应试辅导用书
606 0  @a商务@AShang Wu@x英语@x考核@j题解
690    @aF7-44@v5
701  0 @a张翼@Azhang yi@4主编
801  2 @aCN@b上海新华@c20191020
905    @b1188523-6@dF7-44@e1120:3@f4
    
    新版剑桥BEC考试真题详解.3.中级/张翼主编.-大连:大连理工大学出版社,2018
    191页;26cm.-(剑桥商务英语应试辅导用书)
    
    
    ISBN 978-7-5685-0989-3:CNY32.00
    本书收录了4套完整的BEC中级考试真题,且在结构上遵循了原著的特点,按照阅读、写作、听力和口语的布局分别对四套真题的各个试题类型进行了解析。
●
相关链接 在E读中查询图书 在五车中查询图书 在当当中查询图书 在豆瓣中查询图书


正题名:新版剑桥BEC考试真题详解     索取号:F7-44/1120:3         预约/预借

序号 登录号 条形码 馆藏地/架位号 状态 备注
1 1188523   211885236   第一样本阅览室/ [索取号:F7-44/1120:3] 在馆    
2 1188524   211885245   第一借阅区/ [索取号:F7-44/1120:3] 在馆    
3 1188525   211885254   第一借阅区/ [索取号:F7-44/1120:3] 在馆    
4 1188526   211885263   第一借阅区/ [索取号:F7-44/1120:3] 在馆    
唐山师范学院图书馆 欢迎您!
大连网信软件有限公司© 版权所有